Central Library OPAC University of Rajshahi

Law made simple / (Record no. 52797)

MARC details
000 -LEADER
fixed length control field 00747nam a2200253 a 4500
001 - CONTROL NUMBER
control field 52797
003 - CONTROL NUMBER IDENTIFIER
rucl marc code BD-RjUL
005 - DATE AND TIME OF LATEST TRANSACTION
control field 20211209075848.0
008 - FIXED-LENGTH DATA ELEMENTS--GENERAL INFORMATION
fixed length control field 131221r19791978enka 001 0 eng d
020 ## - INTERNATIONAL STANDARD BOOK NUMBER
International Standard Book Number 0491020384
035 ## - SYSTEM CONTROL NUMBER
System control number OCLC ocm22067321 from D980223M
-- (BD-RjUL)52917
040 ## - CATALOGING SOURCE
Original cataloging agency NYP
Transcribing agency NYP
Modifying agency UKM
-- EQO
-- BD-RjUL
Language of cataloging eng
041 ## - LANGUAGE CODE
Language code of text/sound track or separate title eng
082 04 - DEWEY DECIMAL CLASSIFICATION NUMBER
Classification number 340.0942
Author mark and year PAL 1979
100 1# - MAIN ENTRY--PERSONAL NAME
Personal name Padfield, Colin F.
Fuller form of name (Colin Frank)
9 (RLIN) 12595
245 10 - TITLE STATEMENT
Title Law made simple /
Statement of responsibility, etc. C. F. Padfield.
250 ## - EDITION STATEMENT
Edition statement 5th ed.
260 ## - PUBLICATION, DISTRIBUTION, ETC. (IMPRINT)
Place of publication, distribution, etc. London :
Name of publisher, distributor, etc. Heinemann,
Date of publication, distribution, etc. c1978 [Reprint 1979].
300 ## - PHYSICAL DESCRIPTION
Pagination xvi, 432 p. ;
Size 22 cm.
490 0# - SERIES STATEMENT
Series statement Made simple books
504 ## - BIBLIOGRAPHY, ETC. NOTE
Bibliography, etc Includes Index.
650 #0 - SUBJECT ADDED ENTRY--TOPICAL TERM
Topical term or geographic name as entry element Law
Geographic subdivision Great Britain
General subdivision Popular works.
9 (RLIN) 12596
942 ## - ADDED ENTRY ELEMENTS (KOHA)
Source of classification or shelving scheme Dewey Decimal Classification
Koha item type Books
Holdings
Lost status Source of classification or shelving scheme Damaged status Not for loan Collection code Permanent Location Current Location Shelving location Date acquired Source of acquisition Total Checkouts Full call number Date last seen Copy number Koha item type
  Dewey Decimal Classification     Non-fiction Central Library, University of Rajshahi Central Library, University of Rajshahi   02/05/1984 British councial, dhaka   340.0942 PAL 1979 27/09/2016 C-2 Books